| 000 | 01296nmm a2200421 a 4500 | ||
|---|---|---|---|
| 003 | AR-BaBNM | ||
| 005 | 20251128210143.0 | ||
| 008 | 029019s1997 ||||||||||||||000 | spa|| | ||
| 020 | _a950-23-0673-2 | ||
| 040 | _cAR-BaBNM | ||
| 245 | 1 | 0 |
_aRestitución de niños _babuelas de Plaza de Mayo |
| 260 |
_aBuenos Aires _bEudeba _c1997 |
||
| 300 |
_a352 p. _bil., láms. |
||
| 504 | _aBibliografía para consultar p. 343-352 | ||
| 650 | 4 | _aINFANCIA | |
| 650 | 4 | _aBIENESTAR DE LA INFANCIA | |
| 650 | 4 | _aDERECHOS DEL NIÑO | |
| 650 | 4 | _aLEGISLACION | |
| 650 | 4 | _aREFORMA JURIDICA | |
| 650 | 4 | _aLIBERTAD | |
| 650 | 4 | _aDERECHOS HUMANOS | |
| 650 | 4 | _aLEGISLACION ARGENTINA | |
| 651 | 4 | _aArgentina | |
| 651 | 4 | _aAmérica Latina | |
| 700 | 1 |
_aBarnes de Carlotto, Estela _eprologuista |
|
| 700 | 1 |
_aBoven, Theo van _ecolaborador |
|
| 700 | 1 |
_aChevance-Bertin, M.Pascale _ecolaborador |
|
| 700 | 1 |
_aArditi, Rita _ecolaborador |
|
| 700 | 1 |
_aBrinton Lykes, M. _ecolaborador |
|
| 700 | 1 |
_aVolnovich, J.Carlos _ecolaborador |
|
| 700 | 1 |
_aLo Giúdice, Alicia _ecolaborador |
|
| 700 | 1 |
_aUlloa, Fernando _ecolaborador |
|
| 700 | 1 |
_aBleichmar, Silvia _ecolaborador |
|
| 700 | 1 |
_aRodulfo, Marisa _ecolaborador |
|
| 700 | 1 |
_aPelento, M.L. _ecolaborador |
|
| 942 | _cBK | ||
| 998 | _cMariana | ||
| 999 |
_c14283 _d14283 |
||